000
002830000a22000970004500
100
1
_a
Lopes, Nicodemus Augustus
245
1
0
_a
Pastoras, presbíteras e diaconisas : Uma perspectiva bíblica
300
_a
Vol. 6, Núm 1 (2004), Páginas 23-34
773
0
_t
Reforma Siglo 21
942
_c
ANA
999
_c
52952
_d
52952